|
|
|
|
| LEADER |
01283nam a2200325 a 4500 |
| 001 |
2501335 |
| 008 |
100222m19971992ii b 000 0 eng d |
| 010 |
|
|
|a 91909721
|
| 020 |
|
|
|a 8125903917
|
| 020 |
|
|
|a 0706959523 :
|c Rs295.00
|
| 040 |
|
|
|a DLC
|c DLC
|d DLC
|d DB-DhAAL
|
| 082 |
0 |
0 |
|a 305.43/00954
|2 20
|
| 245 |
0 |
0 |
|a Struggles of women at work /
|c edited by Sujata Gothoskar.
|
| 260 |
|
|
|a New Delhi :
|b Vikas Pub. House,
|c 1997.
|
| 300 |
|
|
|a xxii, 199 p. ;
|c 22 cm.
|
| 500 |
|
|
|a "Under the auspices of Indian Association for Women's Studies."
|
| 500 |
|
|
|a Contributed articles.
|
| 504 |
|
|
|a Includes bibliographical references.
|
| 541 |
1 |
|
|e 00012456
|
| 650 |
|
0 |
|a Women
|x Employment
|z India.
|
| 650 |
|
0 |
|a Discrimination in employment
|z India.
|
| 650 |
|
0 |
|a Sex discrimination against women
|z India.
|
| 650 |
|
0 |
|a Women
|z India
|x Economic conditions.
|
| 650 |
|
0 |
|a Women
|z India
|x Social conditions.
|
| 700 |
0 |
|
|a Sujata S. V.
|
| 710 |
2 |
|
|a Indian Association for Women's Studies.
|
| 740 |
0 |
|
|a Women at work.
|
| 852 |
4 |
|
|a Ayesha Abed Library
|j General Shelf.
|
| 999 |
|
|
|c 7644
|d 7644
|
| 952 |
|
|
|0 0
|1 0
|2 ddc
|4 0
|6 305_430095400000000_STR
|7 0
|9 8368
|a BRACUL
|b BRACUL
|c GEN
|d 2010-02-22
|l 2
|o 305.4300954 STR
|p 3010012456
|r 2022-04-13
|s 2022-04-06
|t 1
|w 2010-02-22
|y BK
|x Price not available in Register
|